Código Civil : y normas complementarias. Análisis doctrinario y jurisprudencial. Tomo 3 A /

Guardado en:
Otros Autores: Highton, Elena I., (coord.)
Formato: Libro
Idioma:Spanish
Publicado: Buenos Aires : Hammurabi, 1999
Materias:
Etiquetas: Agregar Etiqueta
Sin Etiquetas, Sea el primero en etiquetar este registro!
LEADER 00638nam a22001695a 4500
001 DER.der001405
008 180615s1999####|||||||||||||||||#||spa||
005 20251127172638.0
245 1 0 |a Código Civil :  |b y normas complementarias. Análisis doctrinario y jurisprudencial.  |n Tomo 3 A /  |c dirigido por Alberto J. Bueres, y Elena I. Highton. 
260 |a Buenos Aires :  |b Hammurabi,  |c 1999 
300 |a 713 p. 
500 |a Artículos 1066/1116. Obligaciones /. 
020 |a 9508910113 
700 1 |a Bueres, Alberto J.,  |e dir. 
700 1 |a Highton, Elena I.,  |e coord. 
650 7 |a DERECHO CIVIL 
859 |a DERECHO  |b BIB. DERECHO  |h 348.023  |i ARG  |p 003480  |3 Tomo 3 A